The good earth : (Record no. 100243)
[ view plain ]
| 000 -LEADER | |
|---|---|
| fixed length control field | 00718nam a22002417a 4500 |
| 005 - DATE AND TIME OF LATEST TRANSACTION | |
| control field | 20160613110801.0 |
| 010 ## - LCCN (DPL NO) | |
| LC control number | ENG-115249 |
| 020 ## - INTERNATIONAL STANDARD BOOK NUMBER | |
| International Standard Book Number | 9789352602094 |
| Terms of availability | 799.00 |
| 020 ## - INTERNATIONAL STANDARD BOOK NUMBER | |
| International Standard Book Number | 9352602099 |
| Terms of availability | 799.00 |
| 035 ## - SYSTEM CONTROL NUMBER | |
| System control number | EN-98781 |
| 037 ## - SOURCE OF ACQUISITION | |
| Source of stock number/acquisition | DBAD/PUB |
| 082 ## - DEWEY DECIMAL CLASSIFICATION NUMBER | |
| Classification number | 550 |
| 245 ## - TITLE STATEMENT | |
| Title | The good earth : |
| Statement of responsibility, etc | by David McConnell...[et al] |
| Remainder of title | introduction to earth science / |
| 246 ## - VARYING FORM OF TITLE | |
| Title proper/short title | : |
| 250 ## - EDITION STATEMENT | |
| Edition statement | 3rd ed |
| 260 ## - PUBLICATION, DISTRIBUTION, ETC. (IMPRINT) | |
| Place of publication, distribution, etc | New Delhi |
| Name of publisher, distributor, etc | McGraw Hill Education |
| Date of publication, distribution, etc | 2016 |
| 270 ## - ADDRESS | |
| Address | P-24,Green Park Ext. |
| City | New Delhi |
| Postal code | 110016 |
| 300 ## - PHYSICAL DESCRIPTION | |
| Extent | xxii,536p. : |
| Other physical details | ill.,maps |
| Dimensions | 28cm(ppk) |
| 500 ## - GENERAL NOTE | |
| General note | Includes index |
| 650 ## - SUBJECT ADDED ENTRY--TOPICAL TERM | |
| Topical term or geographic name as entry element | Earth sciences |
| Form subdivision | Textbooks |
| 700 ## - ADDED ENTRY--PERSONAL NAME | |
| Personal name | McConnell,David |
| 942 ## - ADDED ENTRY ELEMENTS (KOHA) | |
| Source of classification or shelving scheme | Dewey Decimal Classification |
| Item type | English Books |
| Classification part | 550 |
| Call number suffix | GOO |
| Withdrawn status | Lost status | Not for loan | Collection code | Home library | Current library | Date acquired | Source of acquisition | Cost, normal purchase price | Full call number | Barcode | Copy number | Cost, replacement price | Koha item type |
|---|---|---|---|---|---|---|---|---|---|---|---|---|---|
| Not For Loan | Non-fiction | D.B.Act.Division | D.B.Act.Division | 09/06/2016 | DVD/PUB | 799.00 | 550 GOO | EN-98781 | 1 | 799.00 | English Books |
